Gaming Quiz

Random Gaming or Video Games Quiz

Minecraft Character by Lego Quiz Stats

 Plays Quiz Updated Mar 19, 2020

Support Sporcle.
Go Orange.
Score 0/12 Timer 03:00
19 Plays Today
Hint Answer % Correct
PigPig
96.9%
CreeperCreeper
95.2%
ZombieZombie
95%
SteveSteve
94.1%
Ender DragonEnder Dragon
93.8%
Wither SkeletonWither Skeleton
93.4%
EndermanEnderman
93.3%
WitchWitch
92%
VillagerVillager
91.7%
GhastGhast
90.3%
BlazeBlaze
88.9%
AlexAlex
84%

From the Vault

30 in 90: Slogans

by lolshortee

Try and fight the temptation to want to buy things while playing.
Remove Ads.
Support Sporcle.
Get the best of Sporcle when you Go Orange. This ad-free experience offers more features, more stats, and more fun while also helping to support Sporcle. Thank you for becoming a member.

Show Comments

Extras

Top Quizzes Today


Score Distribution

Your Account Isn't Verified!

In order to create a playlist on Sporcle, you need to verify the email address you used during registration. Go to your Sporcle Settings to finish the process.

Report this User

Report this user for behavior that violates our Community Guidelines.

Details: